000 00351nam a2200145Ia 4500
008 230711s9999||||xx |||||||||||||| ||und||
041 _aENG
082 _a720
_bCO-M
100 _aCurtis William J
245 0 _aModern Architecture since 1900
250 _a3rd Ed.
260 _c1999
_aNew Delhi
_bPhaidon Press
650 _aArchitecture
942 _cBK
999 _c4193
_d4193